| 000 | 00568cam a2200193 i 4500 | ||
|---|---|---|---|
| 003 | OSt | ||
| 005 | 20160428091724.0 | ||
| 008 | 751216s1975 nyu 000 0 eng | ||
| 020 | _a879410035 | ||
| 040 | _aSEKU | ||
| 050 | 0 | 0 |
_aRC 480.5 _b.P7 |
| 100 | 1 | _aProgoff, Ira. | |
| 245 | 1 | 0 |
_aAt a journal workshop : _bthe basic text and guide for using the Intensive Journal / _cby Ira Progoff. |
| 260 |
_aNew York : _bDialogue House Library, _c1975. |
||
| 300 |
_a320 p. ; _c24 cm. |
||
| 650 | 0 |
_aDiaries _xTherapeutic use. |
|
| 650 | 0 | _aPsychotherapy. | |
| 942 |
_2lcc _cGEN |
||
| 999 |
_c13078 _d13078 |
||